Les chroniqueurs de TPMP - Statistiques

Statistiques générales
  • Ce quiz a été pris 442 fois
  • Le résultat moyen est 10 sur 35
Statistiques - réponses
Hint Réponse % Correct
10 Gilles Verdez
86%
2 Jean Michel Maire
84%
4 Enora Malagré
77%
7 Valérie Benaïm
76%
8 Isabelle Morini Bosc
75%
1 Thierry Moreau
68%
5 Jean Luc Lemoine
63%
17 Matthieu Delormeau
58%
21 Camille Combal
54%
9 Bertrand Chameroy
43%
3 Christophe Carrière
36%
11 Julien Courbet
34%
19 Erika Moulet
26%
6 Gérard Louvin
26%
15 Issa Doumbia
22%
13 Bernard Montiel
20%
16 Caroline Ithurbide
19%
32 Elodie Gossuin
14%
12 François Viot
12%
22 Eric Dussart
11%
34 Nabilla Benattia
10%
14 NAdège Beausson Diagne
8%
26 Philippe Vandel
8%
20 Emilie Lopez
6%
27 Alexia Laroche Joubert
4%
18 Angela Lorente
4%
30 Annie Lemoine
4%
25 Elise Chassaing
3%
33 Emmanuel Maubert
3%
23 Elie Semoun
2%
28 François Ouisse
2%
31 Laurent Fontaine
2%
24 Justine Fraoli
1%
35 Miguel Derennes
1%
29 Nicolas Rey
1%
Aucun quiz correspondant
Distribution des résultats
% des personnes avec chaque résultat
Percentile par nombre de réponses
Votre historique - résultats
Vous n’avez pas pris ce quiz